[Event "Recklinghausen"]
[Site "Recklinghausen"]
[Date "1995.??.??"]
[Round "9"]
[White "Henrichs, Thomas"]
[Black "Kishnev, Sergey"]
[Result "0-1"]
[WhiteElo "2280"]
[BlackElo "2500"]

1.d4 d5 2.c4 e6 3.Nc3 c6 4.e3 Nf6 5.Nf3 Nbd7 6.Bd3 dxc4 7.Bxc4 b5 8.Bd3 a6
9.e4 c5 10.d5 Qc7 11.dxe6 fxe6 12.O-O c4 13.Bc2 Bb7 14.Ng5 Nc5 15.e5 Qxe5
16.Re1 Qd6 17.Qxd6 Bxd6 18.Be3 O-O 19.Rad1 Be7 20.Bxc5 Bxc5 21.Nxe6 Rfc8
22.h3 Rab8 23.g4 Bf3 24.Rd2 b4 25.Na4 Bf8 26.g5 Nd5 27.g6 h6 28.Nd4 Bh5 29.Bf5 c3
30.Rc2 Re8 31.Be6+ Kh8 32.Nc6 Bxg6 33.Rcc1 Rb5 34.bxc3 Nf4 35.Bc4 Rg5+  0-1

[Event "Reykjavik Olafsson"]
[Site "Reykjavik"]
[Date "1995.??.??"]
[Round "10"]
[White "Olafsson, Helgi"]
[Black "Thorhallsson, Throstur"]
[Result "1-0"]
[WhiteElo "2470"]
[BlackElo "2420"]

1.c4 e6 2.Nc3 d5 3.d4 c6 4.e3 Nf6 5.Nf3 Nbd7 6.Qc2 Bd6 7.Be2 O-O 8.O-O dxc4
9.Bxc4 b5 10.Be2 Bb7 11.b3 Rc8 12.Bb2 Qe7 13.Rad1 Rfd8 14.Ng5 c5 15.Nxb5 cxd4
16.Qb1 Bxh2+ 17.Kxh2 Ng4+ 18.Bxg4 Qxg5 19.Rxd4 Nf6 20.Bh3 Qxb5 21.Rfd1 Rxd4
22.Rxd4 h6 23.Qd1 Bd5 24.f3 Qb6 25.e4 Bb7 26.Rd6 Qc7 27.Be5 Qa5 28.Qd4 Ne8
29.Rd7 Qb5 30.a4 Qc6 31.Re7 a5 32.Qa7 Nd6 33.Bxe6 fxe6 34.Rxg7+ Kf8 35.Qe3 Nf7
36.Qf4 Rc7 37.Qf6  1-0

[Event "Riga op"]
[Site "Riga"]
[Date "1995.??.??"]
[Round "?"]
[White "Gavrilov, Alexei"]
[Black "Labuckas, Aidas"]
[Result "1-0"]
[WhiteElo "2390"]
[BlackElo "2320"]

1.d4 Nf6 2.c4 e6 3.Nf3 d5 4.Nc3 c6 5.e3 Nbd7 6.Bd3 dxc4 7.Bxc4 b5 8.Bd3 a6
9.a4 Bb7 10.Ne4 Be7 11.O-O O-O 12.Nxf6+ Nxf6 13.Qe2 Qd5 14.e4 Qh5 15.h3 c5
16.dxc5 Bxc5 17.axb5 axb5 18.Bf4 Rfd8 19.Rxa8 Rxa8 20.Rc1 Bb6 21.Be3 Bxe3
22.Qxe3 h6 23.Qd4 Qg6 24.Re1 Ra4 25.Qd8+ Kh7 26.e5 Ne4 27.b3 Ra2 28.Qd4  1-0

[Event "Rishon Le Ziyyon YM-IM"]
[Site "Rishon Le Ziyyon"]
[Date "1995.??.??"]
[Round "2"]
[White "Tyomkin, Dimitri"]
[Black "Krays, Alexander"]
[Result "0-1"]
[WhiteElo "2320"]
[BlackElo "2385"]

1.d4 d5 2.c4 c6 3.Nf3 Nf6 4.Nc3 e6 5.e3 Nbd7 6.Bd3 Bd6 7.O-O O-O 8.e4 dxc4
9.Bxc4 e5 10.Bb3 Qe7 11.Re1 Rd8 12.Ng5 Rf8 13.Nf3 Bc7 14.h3 exd4 15.e5 Nxe5
16.Nxe5 Bxe5 17.Bf4 dxc3 18.Bxe5 cxb2 19.Bxb2 Be6 20.Qf3 Rfe8 21.Re5 Nd7
22.Re3 Nf8 23.Rae1 Qc7 24.Re4 Qa5 25.Bc3 Qc5 26.Bd4 Qd6 27.Bb2 Rad8 28.Qc3 f6
29.Ba3 c5 30.Bxc5 Qc6 31.Qe3 Kf7 32.Bxa7 Bxb3 33.Qxb3+ Ne6 34.Rc4 Qd5 35.Qc3 b5
36.Rc6 Qxa2 37.Be3 Qd5 38.Ra1 b4 39.Qc4 Qxc4 40.Rxc4 Rb8 41.Rb1 b3 42.Kf1 g5
43.g4 Rec8 44.Ra4 Rb5 45.Rb2 Kg6 46.Ra3 Rc3 47.Ra6 Nf4 48.Bxf4 gxf4 49.Kg2 Kg5
50.Ra7 h5 51.gxh5 Kxh5 52.Ra8 Kg5 53.Rg8+ Kf5 54.h4 Ke4 55.h5 Rxh5 56.Rb8 f3+
57.Kg3 Rg5+ 58.Kh3 Rc1 59.Rb4+ Kd5  0-1

[Event "Rishon Le Ziyyon YM-IM"]
[Site "Rishon Le Ziyyon"]
[Date "1995.??.??"]
[Round "4"]
[White "Grinshpun, Eduard"]
[Black "Rabinovich, Alexander"]
[Result "1-0"]
[WhiteElo "2390"]
[BlackElo "2280"]

1.Nf3 d5 2.d4 Nf6 3.c4 c6 4.Nc3 e6 5.e3 Nbd7 6.Qc2 Bd6 7.Bd2 O-O 8.h3 Qe7
9.a3 a6 10.g4 dxc4 11.Bxc4 e5 12.g5 Ne8 13.O-O-O exd4 14.exd4 b5 15.Bd3 g6
16.Rde1 Qd8 17.h4 Bb7 18.h5 c5 19.hxg6 Bxf3 20.gxf7+ Rxf7 21.Bxh7+ Kf8 22.Bg6 Bxh1
23.Bxf7 Ng7 24.Qh7 Kxf7 25.g6+ Kf6 26.Rxh1 Qe8 27.Nd5+ Ke6 28.Re1+ Ne5 29.dxe5 Kxd5
30.Qh1+ Kc4 31.Qe4+ Kb3 32.Re3+  1-0

[Event "ROM-chT"]
[Site "ROM"]
[Date "1995.??.??"]
[Round "?"]
[White "Zhukova, Natalia"]
[Black "Cosma, Elena Luminita"]
[Result "1/2-1/2"]
[WhiteElo "2260"]
[BlackElo "2330"]

1.d4 d5 2.Nf3 e6 3.c4 c6 4.e3 Nf6 5.Nc3 Nbd7 6.Bd3 Bd6 7.e4 dxe4 8.Nxe4 Nxe4
9.Bxe4 h6 10.O-O O-O 11.b3 e5 12.dxe5 Nxe5 13.Bb2 Nxf3+ 14.Qxf3 Qc7 15.h3 Bh2+
16.Kh1 Be5 17.Bxe5 Qxe5 18.Rfe1 Qg5 19.Rad1 Be6 20.Bb1 Rfd8 21.Qc3 Rxd1  1/2-1/2

[Event "RUS Army-ch"]
[Site "RUS"]
[Date "1995.??.??"]
[Round "?"]
[White "Kiselev, Sergey"]
[Black "Mukhametov, Eldar"]
[Result "1/2-1/2"]
[WhiteElo "2495"]
[BlackElo "2515"]

1.d4 d5 2.c4 c6 3.Nf3 Nf6 4.Nc3 e6 5.e3 Nbd7 6.Qc2 Bd6 7.Be2 O-O 8.O-O e5
9.dxe5 Nxe5 10.cxd5 cxd5 11.Rd1  1/2-1/2

[Event "RUS Army-ch"]
[Site "RUS"]
[Date "1995.??.??"]
[Round "?"]
[White "Ivanov, Timur"]
[Black "Savchenko, Stanislav"]
[Result "1/2-1/2"]
[WhiteElo "2425"]
[BlackElo "2585"]

1.Nf3 d5 2.d4 c6 3.c4 Nf6 4.Nc3 e6 5.e3 Nbd7 6.Be2 Bd6 7.Qc2 O-O 8.O-O Re8
9.Rd1 Qe7 10.h3 h6 11.a3 b6 12.e4 e5 13.cxd5 cxd5 14.dxe5 Nxe5 15.Nxd5 Nxd5
16.Rxd5 Bb7 17.Rd1 Rac8 18.Qb1 Ng6 19.Bd3 Bf4 20.Qa2 Bxe4 21.Bxe4 Qxe4 22.Qb3 Re6
23.g3 Ne5 24.Ne1 Bxc1 25.Raxc1 Rce8 26.Qd5 Qf5 27.Kg2 Qf6 28.b4 h5 29.Nf3 Nxf3
30.Qxf3 Qxf3+ 31.Kxf3 Rf6+ 32.Kg2 Re2 33.Rf1 Ra2 34.Rc8+ Kh7 35.Rc3 g5 36.Kg1 Kg6
37.g4 h4 38.Kg2 Rf4 39.Rd3 f6 40.Rc3 Kh6 41.Rd3 Kg6 42.Rc3 a5 43.bxa5 bxa5
44.Rd3 Re4 45.Rb1 Rf4 46.Rf1 Rc2 47.Rb3 a4 48.Re3 Ra2 49.Rd3 Rc2 50.Re3 Kf7
51.Rd3 Ke6 52.Re3+ Kd5 53.Re8 Kc4 54.Rb8 Ra2 55.Rc8+ Kd5 56.Rd8+ Ke6 57.Re8+ Kf7
58.Re3 f5 59.gxf5 Rxf5 60.Rf3 Kg6 61.Rxf5 Kxf5 62.Rc1 Rxa3 63.Rc5+ Kf6 64.Ra5 Ra1
65.Kf3 a3 66.Kg2 Ke6 67.Rxg5 Rb1 68.Ra5 Ra1  1/2-1/2

[Event "San Luis Clarin GP"]
[Site "San Luis"]
[Date "1995.??.??"]
[Round "7"]
[White "Rodriguez, Jorge Luis"]
[Black "Kanefsck, Gustavo"]
[Result "1-0"]
[WhiteElo "2395"]
[BlackElo "2305"]

1.d4 d5 2.c4 c6 3.Nf3 Nf6 4.Nc3 e6 5.e3 Nbd7 6.Qc2 Bd6 7.g4 h6 8.Rg1 Qe7
9.Bd2 dxc4 10.Bxc4 b5 11.Be2 a6 12.h4 Bb7 13.g5 hxg5 14.hxg5 Nd5 15.Ne4 Bb4
16.Bxb4 Nxb4 17.Qc3 Nd5 18.Qa3 Nb4 19.Rc1 Rc8 20.Nc5 Nxc5 21.dxc5 Nd5 22.Nd2 Rh4
23.e4 Nf4 24.e5 Rd8 25.Qf3 Ng6 26.Qe3 Rd5 27.Nf3 Rh3 28.Bf1 Rh8 29.Bd3 Nh4
30.Be4 Nf5 31.Qc3 Rd7 32.Ke2 Qd8 33.Rcd1 Ne7 34.Rd6 Nd5 35.Bxd5 exd5 36.Nd4 Rh4
37.f3 b4 38.Qe3 Rxd4 39.Qxd4  1-0

[Event "San Luis Clarin GP"]
[Site "San Luis"]
[Date "1995.??.??"]
[Round "7"]
[White "Llanos, Guillermo"]
[Black "Sorokin, Maxim"]
[Result "1/2-1/2"]
[WhiteElo "2360"]
[BlackElo "2535"]

1.d4 d5 2.c4 e6 3.Nc3 c6 4.e3 Nf6 5.Nf3 Nbd7 6.Qc2 Bd6 7.b3 O-O 8.Bb2 b6
9.Bd3 Bb7 10.O-O Re8 11.Rad1 Qe7 12.e4 dxc4 13.Bxc4 b5 14.Bd3 e5 15.Ne2 g6
16.Qc1 Rad8 17.h3  1/2-1/2

[Event "San Luis Clarin GP"]
[Site "San Luis"]
[Date "1995.??.??"]
[Round "8"]
[White "Scarella, Enrique"]
[Black "Kanefsck, Gustavo"]
[Result "1-0"]
[WhiteElo "2380"]
[BlackElo "2305"]

1.d4 d5 2.c4 c6 3.Nc3 Nf6 4.e3 e6 5.Nf3 Nbd7 6.Qc2 Bd6 7.Bd2 O-O 8.O-O-O b5
9.cxb5 c5 10.e4 Bb7 11.exd5 exd5 12.Qf5 Qc7 13.Bd3 g6 14.Qh3 cxd4 15.Nxd4 Nc5
16.Bh6 Rfe8 17.Kb1 Be5 18.Be3 Nxd3 19.Rxd3 Qc4 20.Rhd1 Rac8 21.f3 Rcd8 22.Bg5 Rd6
23.f4 Bxd4 24.Rxd4 Qc7 25.f5 Bc8 26.Qh4 Bxf5+ 27.Ka1 Ne4 28.Nxd5 Qa5 29.Nf6+ Rxf6
30.Bxf6 Nc3  1-0

[Event "San Martin"]
[Site "San Martin"]
[Date "1995.??.??"]
[Round "8"]
[White "Ricardi, Pablo"]
[Black "Spangenberg, Hugo"]
[Result "1/2-1/2"]
[WhiteElo "2530"]
[BlackElo "2500"]

1.d4 d5 2.c4 c6 3.Nf3 Nf6 4.Nc3 e6 5.e3 Nbd7 6.Qc2 Bd6 7.e4 Nxe4 8.Nxe4 dxe4
9.Qxe4 Bb4+ 10.Bd2 Bxd2+ 11.Nxd2 O-O 12.O-O-O Qa5 13.Kb1 e5 14.Nb3 Qc7 15.Bd3  1/2-1/2

[Event "San Sebastian op"]
[Site "San Sebastian"]
[Date "1995.??.??"]
[Round "2"]
[White "Flear, Glenn C"]
[Black "Acosta Garcia, Alfonso Carlos"]
[Result "1-0"]
[WhiteElo "2480"]
[BlackElo "2270"]

1.d4 d5 2.c4 c6 3.Nc3 Nf6 4.e3 e6 5.Nf3 Nbd7 6.Bd3 dxc4 7.Bxc4 b5 8.Be2 b4
9.Na4 Bb7 10.O-O Be7 11.a3 bxa3 12.b3 O-O 13.Bxa3 Bxa3 14.Rxa3 Qe7 15.Qc1 Ne4
16.Ra2 c5 17.Qa3 Rfe8 18.Rc2 cxd4 19.Qxe7 Rxe7 20.Rc7 Bc8 21.Nxd4 Re8 22.Bb5 Nef6
23.Nc5 Rd8 24.Nb7 Nd5 25.Rxc8 Raxc8 26.Nxd8 Rxd8 27.Ra1 Nc3 28.Nc6 Ra8 29.Bc4 Nb6
30.Rxa7 Rxa7 31.Nxa7 Nxc4 32.bxc4 Ne4 33.f3 Nc5 34.Kf2 Kf8 35.Nc6 f6 36.Ke2 Ke8
37.Kd2 Kd7 38.Nb4 Kd6 39.Nd3 Nd7 40.Kc3 Kc6 41.Nf4 Kd6 42.Kb4 g5 43.Nd3 Kc6
44.c5 h5 45.Kc4 h4 46.h3 Nb8 47.Nb4+ Kc7 48.Kb5 Kb7 49.c6+  1-0

[Event "San Sebastian op"]
[Site "San Sebastian"]
[Date "1995.??.??"]
[Round "2"]
[White "Lyrberg, Patrik"]
[Black "San Segundo, Pablo"]
[Result "0-1"]
[WhiteElo "2415"]
[BlackElo "2480"]

1.d4 d5 2.c4 e6 3.Nc3 c6 4.e3 Nf6 5.Nf3 Nbd7 6.Bd3 dxc4 7.Bxc4 b5 8.Bd3 a6
9.e4 c5 10.d5 Qc7 11.dxe6 fxe6 12.a3 Bb7 13.Qe2 c4 14.Bc2 Bd6 15.Bg5 O-O
16.Rd1 Ne5 17.Nd4 Rac8 18.Qd2 Bc5 19.Qe2 Qb6 20.Nf3 Nfg4 21.O-O Nf7  0-1

[Event "San Sebastian op"]
[Site "San Sebastian"]
[Date "1995.??.??"]
[Round "3"]
[White "San Segundo, Pablo"]
[Black "Flear, Glenn C"]
[Result "0-1"]
[WhiteElo "2480"]
[BlackElo "2480"]

1.d4 d5 2.c4 c6 3.Nc3 Nf6 4.e3 e6 5.Nf3 Nbd7 6.Bd3 Bd6 7.O-O O-O 8.e4 dxe4
9.Nxe4 Nxe4 10.Bxe4 h6 11.Bc2 e5 12.Be3 Re8 13.dxe5 Nxe5 14.Nxe5 Bxe5 15.Qxd8 Rxd8
16.Rad1 Be6 17.b3 g5 18.g3 Bh3 19.Rxd8+ Rxd8 20.Rd1 Re8 21.f4 Bxf4 22.Bxa7 Bc7
23.Bd3 Ra8 24.Bc5 Rxa2 25.Re1 Be6 26.Re2 Rxe2 27.Bxe2 Be5 28.b4 Kg7 29.b5 cxb5
30.cxb5 Bd5 31.Bd3 Kf6 32.g4 Bf3 33.h3 Bg3 34.Bd4+ Ke6 35.Bc4+ Bd5 36.Bd3 Kd6
37.Bg7 Kc5 38.Bxh6 f6 39.Kf1 Bd6 40.Bg7 Be7 41.Kf2 Bc4 42.Bb1 Bxb5 43.Kg3 Bc4
44.h4 gxh4+ 45.Kxh4 b5 46.Bh6 b4 47.g5 fxg5+ 48.Bxg5 Bxg5+ 49.Kxg5 b3 50.Kf4 Kd4
51.Bg6 b2 52.Bb1 Bd3 53.Ba2  0-1

[Event "San Sebastian op"]
[Site "San Sebastian"]
[Date "1995.??.??"]
[Round "6"]
[White "Alvarez Ibarra, D Rafael"]
[Black "Acosta Garcia, Alfonso Carlos"]
[Result "0-1"]
[WhiteElo "2440"]
[BlackElo "2270"]

1.d4 d5 2.c4 c6 3.Nc3 Nf6 4.e3 e6 5.Nf3 Nbd7 6.Qc2 Bb4 7.a3 Bxc3+ 8.Qxc3 Ne4
9.Qc2 O-O 10.Bd3 f5 11.O-O g5 12.Nd2 g4 13.f3 gxf3 14.gxf3 Ng5 15.Kh1 Kh8
16.b3 Nf6 17.Nb1 Rg8 18.Bd2 Qe8 19.Be1 Qh5 20.Qe2 Nh3 21.Bb4 Qg6 22.Nd2 Bd7
23.Bd6 Rg7 24.cxd5 Rag8 25.Bg3 cxd5 26.Rac1 Be8 27.Rc8 Qh6 28.Rfc1 f4 29.exf4 Nh5
30.Nf1 N3xf4 31.Qe3 Nxg3+ 32.Nxg3 Qh4 33.Rg1 Nh5 34.Qe5  0-1

[Event "San Sebastian op"]
[Site "San Sebastian"]
[Date "1995.??.??"]
[Round "7"]
[White "Pogorelov, Ruslan"]
[Black "Acosta Garcia, Alfonso Carlos"]
[Result "1-0"]
[WhiteElo "2440"]
[BlackElo "2270"]

1.d4 d5 2.c4 c6 3.Nc3 Nf6 4.Nf3 e6 5.e3 Nbd7 6.Qc2 Bd6 7.Be2 O-O 8.O-O dxc4
9.Bxc4 e5 10.Bb3 Qe7 11.Re1 h6 12.Nh4 Nd5 13.Nf5 Qe6 14.e4 exd4 15.Nxd5 cxd5
16.Bxd5 Qf6 17.Nxd6 Qxd6 18.Qd3 Nb6 19.Bb3 Be6 20.Be3 Rfd8 21.Rad1 Qb8 22.Bxd4 Bxb3
23.axb3 Rd7 24.Qc3 Qd6 25.Rd2 Rc8 26.Qg3 Qf8 27.h3 Rcd8 28.Red1 Nc8 29.Bxg7  1-0

[Event "Santa Cruz de la Palma op"]
[Site "Santa Cruz"]
[Date "1995.??.??"]
[Round "?"]
[White "Adla, Diego"]
[Black "Gonzalez, L."]
[Result "1-0"]
[WhiteElo "2435"]
[BlackElo "2210"]

1.d4 d5 2.c4 c6 3.Nc3 Nf6 4.Nf3 e6 5.e3 dxc4 6.Bxc4 b5 7.Bd3 Bb7 8.O-O a6
9.e4 c5 10.e5 Nd5 11.Ng5 Nxc3 12.bxc3 Be7 13.Qh5 g6 14.Qh6 Bf8 15.Qh3 Nc6
16.Ne4 Be7 17.Bh6 Rg8 18.Bf4 h5 19.Rad1 cxd4 20.cxd4 Nb4 21.Bb1 Nd5 22.Bg5 Bxg5
23.Nd6+ Kf8 24.Nxb7 Qc7 25.Nc5 Kg7 26.Be4 Rgd8 27.f4 Be7 28.Nxe6+ fxe6 29.Qxe6 Qb6
30.Bxd5 Qxe6 31.Bxe6 Rxd4 32.Rxd4 Bc5 33.Rc1 Bxd4+ 34.Kf1 Rf8 35.Rc7+ Kh8
36.Rc8 Rxc8 37.Bxc8 a5 38.Ke2 Kg7 39.Kf3 Kf8 40.Bd7 b4 41.g3 Ke7 42.Ba4 Bc3
43.h3 Bb2 44.Ke4 Bc3 45.g4 Bb2 46.gxh5 gxh5 47.f5 Kf7 48.f6 Ke6 49.Bb3+ Kd7
50.e6+  1-0

[Event "Santiago op"]
[Site "Santiago"]
[Date "1995.??.??"]
[Round "?"]
[White "Estremera Panos, Sergio"]
[Black "De la Riva Aguado, Oscar"]
[Result "1/2-1/2"]
[WhiteElo "2350"]
[BlackElo "2425"]

1.d4 d5 2.c4 c6 3.Nf3 Nf6 4.Nc3 e6 5.e3 Nbd7 6.Qc2 b6 7.Bd3 Bb7 8.O-O Be7
9.b3 O-O 10.Bb2 Rc8 11.Rad1 Qc7 12.Ne5 Rfd8 13.f4 c5 14.Qe2 Ne4  1/2-1/2

[Event "Santiago op"]
[Site "Santiago"]
[Date "1995.??.??"]
[Round "?"]
[White "Rodriguez Vargas, Orestes"]
[Black "Alvarez Ibarra, D Rafael"]
[Result "1/2-1/2"]
[WhiteElo "2445"]
[BlackElo "2440"]

1.d4 e6 2.Nf3 d5 3.c4 Nf6 4.Nc3 c6 5.e3 Nbd7 6.Qc2 Bd6 7.Be2 O-O 8.O-O Re8
9.Rd1 Qe7 10.h3 b6 11.b3 Bb7 12.e4 Nxe4 13.Nxe4 dxe4 14.Qxe4 Rad8 15.Bb2 Nf6  1/2-1/2

[Event "Sao Paulo zt"]
[Site "Sao Paulo"]
[Date "1995.??.??"]
[Round "9"]
[White "Mecking, Henrique"]
[Black "Correa, Aron A"]
[Result "1-0"]
[WhiteElo "2575"]
[BlackElo "2345"]

1.d4 d5 2.c4 e6 3.Nf3 c6 4.e3 Nf6 5.Nc3 Nbd7 6.Bd3 Bd6 7.e4 dxe4 8.Nxe4 Nxe4
9.Bxe4 Bb4+ 10.Bd2 Qa5 11.a3 Bxd2+ 12.Qxd2 Qxd2+ 13.Kxd2 c5 14.Rhe1 Ke7 15.b4 Rd8
16.Kc3 cxb4+ 17.axb4 Nf6 18.Ne5 Nxe4+ 19.Rxe4 Bd7 20.d5 exd5 21.Nc6+ Kd6
22.Nxd8 dxe4 23.Nxb7+ Kc6 24.Nc5 f5 25.Ra6+ Kc7 26.Nxd7 Kxd7 27.b5 Kc7 28.b6+ Kb7
29.Rxa7+ Rxa7 30.bxa7 Kxa7 31.Kd4 Kb6 32.g4 fxg4 33.Kxe4 Kc5 34.Kd3  1-0

[Event "Schwaebisch Gmuend op"]
[Site "Schwaebisch Gmuend"]
[Date "1995.??.??"]
[Round "?"]
[White "Ruzele, Darius"]
[Black "Namyslo, Holger"]
[Result "1-0"]
[WhiteElo "2500"]
[BlackElo "2300"]

1.d4 e6 2.c4 d5 3.Nc3 c6 4.e3 Nf6 5.Nf3 Nbd7 6.Bd3 dxc4 7.Bxc4 b5 8.Bd3 a6
9.e4 c5 10.d5 c4 11.Bc2 e5 12.Ne2 Bd6 13.O-O O-O 14.b3 cxb3 15.axb3 Nc5 16.Ng3 Re8
17.Bg5 h6 18.Bd2 Bd7 19.Qe1 Nb7 20.b4 Bc7 21.h3 a5 22.bxa5 Nxa5 23.Bc3 Nc4
24.Bd3 Nb6 25.Rxa8 Qxa8 26.Qa1 Qb8 27.Rb1 Na4 28.Bb4 Qb6 29.Qa3 Bb8 30.Bd2 Qc5
31.Qb3 Ba7 32.Be3 Qc7 33.Rc1 Qb8 34.Bxa7 Qxa7 35.Bxb5 Nc5 36.Qe3 Bxb5 37.Qxc5 Qa4
38.Nd2 Ba6 39.Qc2 Qd7 40.Qb2 g6 41.Rc6 Nxd5 42.exd5 Bb7 43.Nde4  1-0

[Event "Asia-chT (Women)"]
[Site "Singapore"]
[Date "1995.??.??"]
[Round "1"]
[White "Hoang Than Trang"]
[Black "Hassan, M."]
[Result "1-0"]
[WhiteElo "2405"]
[BlackElo "2005"]

1.d4 d5 2.c4 c6 3.Nf3 Nf6 4.Nc3 e6 5.e3 Nbd7 6.Qc2 Be7 7.b3 O-O 8.Bd3 h6
9.O-O b6 10.e4 dxe4 11.Nxe4 Qc7 12.Bb2 Nxe4 13.Bxe4 Nf6 14.Bd3 Bb7 15.Qe2 Rad8
16.Rad1 Rfe8 17.Ne5 c5 18.dxc5 Qxc5 19.Rfe1 Qc7 20.a3 Bd6 21.Ng4 Nxg4 22.Qxg4 Bxh2+
23.Kh1 f5 24.Qg6 Bd6 25.Bxf5 exf5 26.Rxe8+ Rxe8 27.Qxe8+ Kh7 28.Qe6 Bxg2+
29.Kxg2 Qc6+ 30.Qd5  1-0

[Event "CRO-ch"]
[Site "Slavonski Brod"]
[Date "1995.??.??"]
[Round "?"]
[White "Kozul, Zdenko"]
[Black "Lalic, Bogdan"]
[Result "1/2-1/2"]
[WhiteElo "2570"]
[BlackElo "2590"]

1.d4 d5 2.c4 c6 3.e3 Nf6 4.Nc3 e6 5.Nf3 Nbd7 6.Bd3 dxc4 7.Bxc4 b5 8.Bd3 a6
9.e4 c5 10.d5 Qc7 11.O-O Bb7 12.b3 c4 13.bxc4 bxc4 14.dxe6 fxe6 15.Bc2 Bb4
16.Bd2 Bd6 17.Nd4 Nc5 18.f4 e5 19.Nf5 O-O 20.Qe2 Nd3 21.Bxd3 cxd3 22.Qxd3 Bb4
23.fxe5 Rad8 24.Nd5 Nxd5 25.Bxb4 Qb6+ 26.Kh1 Nxb4 27.Qb3+ Kh8 28.e6 Rf6 29.e7 Re8
30.Qg3 g6 31.Nd6 Qxd6 32.Qxd6 Rxd6 33.Rf8+ Kg7 34.Rxe8 Re6 35.Kg1 Rxe4  1/2-1/2

[Event "Sollentuna op"]
[Site "Sollentuna"]
[Date "1995.??.??"]
[Round "6"]
[White "Romanov, Oleg"]
[Black "Wallace, John Paul"]
[Result "1-0"]
[WhiteElo "2275"]
[BlackElo "2345"]

1.d4 d5 2.c4 e6 3.Nc3 c6 4.e3 Nf6 5.Nf3 Nbd7 6.Bd3 dxc4 7.Bxc4 b5 8.Bd3 a6
9.e4 c5 10.e5 cxd4 11.Nxb5 axb5 12.exf6 gxf6 13.O-O Qb6 14.Qe2 b4 15.Rd1 Ra5
16.Bf4 Bb7 17.Nxd4 Qxd4 18.Bb5 Qxf4 19.Rxd7 Bd6 20.Rxb7+ Kf8 21.Qh5 Bc7 22.Rd1 Kg7
23.g3 Qg5 24.Qe2 Rd8 25.Rxd8 Bxd8 26.Qxe6 Qc1+ 27.Kg2 Bc7 28.Qd7  1-0

[Event "Sollentuna op"]
[Site "Sollentuna"]
[Date "1995.??.??"]
[Round "8"]
[White "Wiedenkeller, Michael"]
[Black "Wallace, John Paul"]
[Result "0-1"]
[WhiteElo "2445"]
[BlackElo "2345"]

1.d4 d5 2.c4 e6 3.Nc3 c6 4.e3 Nf6 5.Nf3 Nbd7 6.Qc2 Bd6 7.Be2 O-O 8.O-O Re8
9.Rd1 Qe7 10.a3 h6 11.h3 b6 12.e4 dxe4 13.Nxe4 Nxe4 14.Qxe4 Bb7 15.Ne5 Nf6
16.Qh4 c5 17.Bf3 cxd4 18.Bxb7 Qxb7 19.Qxd4 Rad8 20.Bf4 Ne4 21.Re1 f5 22.Rad1 Qc8
23.Rxe4 Bc5 24.Qxd8 Rxd8 25.Ree1 Bd4 26.Rd2 g5 27.Red1 Bxf2+ 28.Kxf2 Rxd2+
29.Rxd2 gxf4 30.b4 Qc7 31.Re2 Qd6 32.Nf3 Kg7 33.Re5 Kf6 34.c5 Qd7 35.cxb6 axb6
36.a4 Qd3 37.Kg1 Qb1+ 38.Kh2 Qxb4 39.Rb5 Qxa4 40.Rxb6 Qa5 41.Rc6 Qd5 42.Ra6 Qc5
43.Kh1 Ke7 44.Kh2 e5 45.Nh4 e4 46.Ng6+ Kf7 47.Nxf4 Qf2 48.Nd5 e3 49.Nc3 Qf4+
50.Kg1 Qd4 51.Nb5 Qd1+ 52.Kh2 e2 53.Nc3 Kg7 54.Nxe2 Qxe2 55.Ra3 Kf6 56.Rf3 Ke5
57.Kg3 Qe1+ 58.Kh2 Ke4 59.Rg3 Qd1 60.Rc3 Qd4 61.Rf3 Qd6+ 62.Kg1 Qd1+ 63.Rf1 Qe2
64.Ra1 Qe3+ 65.Kh2 Qd3 66.Ra2 Ke3 67.Ra1 Qc2 68.Ra3+ Ke2 69.Rf3 Qe4 70.Kg3 Qe5+
71.Kh4 f4  0-1

[Event "ESP-chTa"]
[Site "Spain"]
[Date "1995.??.??"]
[Round "6"]
[White "Gomez Esteban, Juan Mario"]
[Black "Illescas Cordoba, Miguel"]
[Result "0-1"]
[WhiteElo "2425"]
[BlackElo "2620"]

1.d4 d5 2.Nf3 Nf6 3.c4 c6 4.Nc3 e6 5.e3 Nbd7 6.Bd3 dxc4 7.Bxc4 b5 8.Bd3 Bb7
9.a3 b4 10.Ne4 c5 11.Nxf6+ gxf6 12.e4 cxd4 13.Qa4 Qb6 14.Bb5 Rd8 15.O-O Bd6
16.Bd2 Bxe4 17.Nh4 Rg8 18.f3 Bc2 19.b3 Ke7 20.Bxb4 Nc5 21.Bxc5 Bxc5 22.Kh1 d3
23.Bc4 d2 24.Rad1 Qc7 25.g3 Bxd1 26.Rxd1 Rxg3 27.hxg3 Qxg3 28.Ng2 Qh3+  0-1

[Event "St Affrique op"]
[Site "St Affrique"]
[Date "1995.??.??"]
[Round "6"]
[White "Flear, Glenn C"]
[Black "Prie, Eric"]
[Result "1/2-1/2"]
[WhiteElo "2495"]
[BlackElo "2480"]

1.d4 d5 2.c4 c6 3.Nc3 Nf6 4.e3 e6 5.Nf3 Nbd7 6.Bd3 Bd6 7.O-O O-O 8.e4 dxc4
9.Bxc4 e5 10.Bg5 Qe7 11.Re1 Re8 12.d5 Nf8 13.Rc1 h6 14.Bh4 Rb8 15.dxc6 bxc6
16.Bb3 Rd8 17.Qc2 Bg4 18.Nd2 Ne6 19.Bxe6 Bxe6 20.Nf1 Bb4 21.Ne3 Rd4 22.Re2 Qd8
23.f3 Be7 24.Nf5 Bxf5 25.Bxf6 Bxe4 26.Nxe4 Bxf6 27.Qxc6 Rd1+ 28.Rxd1 Qxd1+
29.Kf2 Bh4+ 30.g3 Bd8 31.Qe8+ Kh7 32.Qxe5 Bb6+ 33.Nc5 Rd8 34.b4 Rd5 35.Qe3 a5
36.a3 axb4 37.axb4 Qd4  1/2-1/2

[Event "Wch U14 Girls"]
[Site "St Lorenzo"]
[Date "1995.??.??"]
[Round "8"]
[White "Radziewicz, Iweta"]
[Black "Kiss, Judit"]
[Result "0-1"]
[WhiteElo "2180"]
[BlackElo "2055"]

1.d4 d5 2.c4 e6 3.Nc3 c6 4.e3 Nf6 5.Nf3 Bd6 6.Be2 O-O 7.O-O Nbd7 8.b3 dxc4
9.bxc4 e5 10.Qb3 Qe7 11.a4 b6 12.Re1 Re8 13.Ba3 e4 14.Bxd6 Qxd6 15.Nd2 Nf8
16.a5 Rb8 17.axb6 axb6 18.Ra7 Re7 19.Rea1 Bf5 20.R1a6 Rxa7 21.Rxa7 N8d7 22.h3 h6
23.Qc2 Qe6 24.Nf1 Bg6 25.Ng3 h5 26.d5 cxd5 27.cxd5 Qe5 28.Bc4 Rc8 29.Nb5 Qxd5
30.Nd6 Qxd6 31.Bxf7+ Bxf7 32.Qxc8+ Qf8 33.Qc6 Bd5 34.Qc7 Qb8 35.Qxb8+ Nxb8
36.Nf5 Bf7 37.Ra8 Nd7 38.g4 hxg4 39.hxg4 Kh7 40.Ra7 Be6 41.Rc7 Na6 42.Ra7 Nac5
43.Kg2 g6 44.Ng3 Kh6 45.f3 exf3+ 46.Kxf3 Ne5+ 47.Kf4 Nxg4 48.Ra1 g5+ 49.Kf3 Ne5+
50.Ke2 Bc4+ 51.Kf2 b5 52.Nf5+ Kg6 53.Nd6 b4 54.e4 b3 55.Ke3 Bd3 56.Kd4 b2
57.Rh1 Ncd7 58.Nf5 b1=Q 59.Rxb1 Bxb1 60.Nd6 g4 61.Ke3 Kg5 62.Nf5 Nc5 63.Ng3 Nxe4
64.Ne2 Bd3 65.Nf4 Nc4+ 66.Kxd3 Kxf4 67.Ke2 Kg3  0-1

[Event "Chigorin mem"]
[Site "St Petersburg"]
[Date "1995.??.??"]
[Round "5"]
[White "Shchukin, Dmitry"]
[Black "Efremov, Roman"]
[Result "1-0"]
[WhiteElo "2275"]
[BlackElo "2425"]

1.Nf3 d5 2.d4 c6 3.c4 Nf6 4.e3 e6 5.Nc3 Nbd7 6.Qc2 Bd6 7.g4 Nxg4 8.Rg1 f5
9.cxd5 exd5 10.h3 Ngf6 11.Rxg7 Ne4 12.Be2 Qf6 13.Rg2 Nf8 14.Bd2 Bd7 15.O-O-O Ng6
16.Be1 Qe7 17.h4 Nxc3 18.Qxc3 O-O-O 19.h5 Nh4 20.Nxh4 Qxh4 21.f4 Qe7 22.Bf3 Be6
23.Bf2 Rhg8 24.Rdg1 Rxg2 25.Rxg2 Kb8 26.Kb1 Rg8 27.Rxg8+ Bxg8 28.Qc1 c5 29.Qg1 Be6
30.dxc5 Bxc5 31.Qc1 Bb4 32.a3 Ba5 33.b4 Bb6 34.Qc3 a6 35.Qe5+ Bc7 36.Qh8+ Bd8
37.Qe5+ Bc7 38.Qh8+ Bd8 39.Be1 Ka7 40.Bc3 Kb8 41.Qe5+ Bc7 42.Qh8+ Bd8 43.Bd4 Kc7
44.Qe5+ Kc6 45.Bc5 Qd7 46.Qc3 b6 47.Be7+ Kb7 48.Bxd8 Qxd8 49.Qg7+ Kc6 50.Qe5 Qd6
51.h6 Kd7 52.Qxd6+ Kxd6 53.Kc2 Ke7 54.Kc3 Kf6 55.Kd4 Kg6 56.Ke5 Bd7 57.Kxd5 Kxh6
58.Kd6 Bb5 59.Kc7 Kg6 60.e4 fxe4 61.Bxe4+ Kg7 62.Kxb6 h5 63.a4 Bf1 64.b5 axb5
65.axb5 h4 66.Kc5 h3 67.b6  1-0

[Event "Chigorin mem"]
[Site "St Petersburg"]
[Date "1995.??.??"]
[Round "9"]
[White "Zhurina, Elizaveta"]
[Black "Rapoport, Igor"]
[Result "1-0"]
[WhiteElo "2240"]
[BlackElo "2295"]

1.d4 d5 2.Nf3 c6 3.c4 e6 4.Nc3 Nf6 5.e3 Nbd7 6.Bd3 dxc4 7.Bxc4 b5 8.Bd3 a6
9.O-O c5 10.b3 Bb7 11.Bb2 cxd4 12.exd4 Be7 13.Rc1 O-O 14.Re1 Rc8 15.Qe2 Nb6
16.Rcd1 Nbd5 17.Nxd5 Qxd5 18.Qf1 Bb4 19.Re3 Ng4 20.Be4 Nxe3 21.Bxd5 Nxf1
22.Bxb7 Rc2 23.Bc1 f5 24.Bf4 g5 25.Nxg5 Bd2 26.Nxe6 Bxf4 27.Nxf8 Ne3 28.fxe3 Bxe3+
29.Kh1 Kxf8 30.Bxa6 Rxa2 31.Bxb5 Bxd4 32.g3 Ra5 33.Bc4 Bf6 34.Rd7 Be7 35.Kg2 Re5
36.Rb7 h6 37.Kf3 Re4 38.Rb5  1-0

[Event "Stockholm"]
[Site "Stockholm"]
[Date "1995.??.??"]
[Round "6"]
[White "Agrest, Evgenij"]
[Black "Chernin, Alexander"]
[Result "1/2-1/2"]
[WhiteElo "2475"]
[BlackElo "2600"]

1.d4 d5 2.c4 c6 3.Nc3 Nf6 4.e3 e6 5.Nf3 Nbd7 6.Qc2 Bd6 7.Be2 O-O 8.O-O dxc4
9.Bxc4 Qe7 10.h3 e5 11.a3 Bb8 12.Ba2 h6 13.Nh4 Rd8 14.f4 exd4 15.Nf5 Qe8
16.Nxd4 a6 17.Nf3 Ba7 18.Kh2 Nc5 19.e4 Be6 20.e5 Bxa2 21.Nxa2 Nd5 22.Bd2 Ne6
23.Qe4 Nc5 24.Qc2 Ne6 25.Qe4 Nc5  1/2-1/2

[Event "Strumica"]
[Site "Strumica"]
[Date "1995.??.??"]
[Round "8"]
[White "Azmaiparashvili, Zurab"]
[Black "Kutirov, Rolando"]
[Result "1-0"]
[WhiteElo "2610"]
[BlackElo "2425"]

1.d4 d5 2.c4 c6 3.Nc3 Nf6 4.e3 e6 5.Nf3 Nbd7 6.Bd3 dxc4 7.Bxc4 b5 8.Bd3 a6
9.e4 c5 10.d5 c4 11.dxe6 fxe6 12.Bc2 Qc7 13.O-O Bb7 14.Ng5 Nc5 15.e5 Qxe5
16.Re1 Qd6 17.Qxd6 Bxd6 18.Be3 O-O 19.Rad1 Be7 20.Bxc5 Bxc5 21.Nxe6 Rfc8
22.h3 Rab8 23.a3 Ba7 24.g4 Bf3 25.Rd6 Rb6 26.Rxb6 Bxb6 27.g5 Nd5 28.Bd1 Nxc3
29.Bxf3 Na4 30.Bd5 Kh8 31.g6 h6 32.Bb7 Re8 33.Bxa6 Nxb2 34.Bxb5 Re7 35.Re4 c3
36.Rf4  1-0